header

Geopolitics reframed (Record no. 221279)

MARC details
000 -LEADER
fixed length control field 01883nam a2200469 a 4500
082 04 - DEWEY DECIMAL CLASSIFICATION NUMBER
Classification number 327.437
100 1# - MAIN ENTRY--AUTHOR NAME
Personal name Kuus, Merje.
245 10 - TITLE STATEMENT
Title Geopolitics reframed
250 ## - EDITION STATEMENT
Edition statement 1st ed.
260 ## - PUBLICATION, DISTRIBUTION, ETC. (IMPRINT)
Place of publication New York :
Name of publisher Palgrave Macmillan,
Year of publication 2007.
300 ## - PHYSICAL DESCRIPTION
Number of Pages xiv, 207 p.
490 1# - SERIES STATEMENT
Series statement New visions in security
650 #0 - SUBJECT ADDED ENTRY--TOPICAL TERM
Topical Term Geopolitics
Topical Term Geopolitics
Topical Term National security
Topical Term National security
856 40 - ELECTRONIC LOCATION AND ACCESS
Uniform Resource Identifier http://site.ebrary.com/lib/rucke/Doc?id=10194119

No items available.

© 2026 Rongo University
Contact us: librarian | system librarian | Rongo university